Propuesta Bruño para el primer ciclo de educación primaria
Guardat en:
| Autor principal: | |
|---|---|
| Format: | Llibre |
| Idioma: | espanyol |
| Publicat: |
Madrid
Bruño
1992
|
| Col·lecció: | Proyecto Beta
|
| Matèries: | |
| Etiquetes: |
Afegir etiqueta
Sense etiquetes, Sigues el primer a etiquetar aquest registre!
|
MARC
| LEADER | 00000nam a2200000 a 4500 | ||
|---|---|---|---|
| 001 | UCP4697 | ||
| 003 | CL-VaPUC | ||
| 008 | 990813e19920000SP |||||||||||||||||spa|d | ||
| 082 | 0 | 4 | |a 372 |b BAT |2 21 |
| 100 | 0 | |a Batllori Obiols, Roser |e author |9 432399 | |
| 245 | 1 | 0 | |a Propuesta Bruño para el primer ciclo de educación primaria |
| 300 | |a v | ||
| 942 | |c BK | ||
| 945 | |d 19990813 00:00:00 |a rbrito | ||
| 260 | |a Madrid |b Bruño |c 1992 | ||
| 650 | 0 | |a Educación básica |9 224933 | |
| 650 | 0 | |a Métodos de enseñanza |9 270413 | |
| 650 | 0 | |a Currículo |9 307290 | |
| 583 | |a last modification |c 19990813 00:00:00 |k Rodrigo Vera | ||
| 490 | 0 | |a Proyecto Beta | |
| 999 | |c 282599 |d 282597 | ||
| 952 | |0 0 |1 0 |4 0 |6 372_000000000000000_BAT_1992 |7 0 |8 P |9 324612 |a BIBEDU |b BIBEDU |c BIBEDU_PB |d 2019-11-20 |h v.1 |i 3540693 |o 372 BAT 1992 |p 3540693 |r 2024-01-25 |w 2019-11-20 |y BK |k BME | ||
| 952 | |0 0 |1 0 |4 0 |6 372_000000000000000_BAT_1992 |7 0 |8 P |9 324613 |a BIBEDU |b BIBEDU |c BIBEDU_PB |d 2019-11-20 |h v.2 |i 3540618 |o 372 BAT 1992 |p 3540618 |r 2024-01-25 |w 2019-11-20 |y BK |k BME | ||